Statistics for Countries That Have Beaten Brazil At FIFA World Cup

Click here to take the quiz!

General Stats

  • This quiz has been taken 56 times
  • The average score is 17 of 21

Answer Stats

YearScoreAnswer% Correct
19900 - 1Argentina
100%
20141 - 7Germany
98%
1986(3) - (4)France
96%
20060 - 1France
96%
19980 - 3France
96%
20181 - 2Belgium
94%
19501 - 2Uruguay
94%
2022(2) - (4)Croatia
92%
19381 - 2Italy
90%
19822 - 3Italy
90%
19740 - 1Netherlands
88%
20101 - 2Netherlands
88%
20140 - 3Netherlands
88%
19341 - 3Spain
79%
19661 - 3Portugal
77%
19661 - 3Hungary
67%
19542 - 4Hungary
67%
19740 - 1Poland
65%
20220 - 1Cameroon
56%
19981 - 2Norway
54%
19301 - 2Yugoslavia
50%

Score Distribution

Percentile by Number Answered

Percent of People with Each Score

Your Score History

You have not taken this quiz